000 00470nam a2200205Ia 4500
003 0100
008 130303s9999 xx 000 0 und d
020 _a1565480295
040 _cARRUPELIB
050 _aBV5075.C57131995
100 _aClement, Olivier
245 4 _aThe roots of Christian mysticism
245 _btext and commentary
260 _aNew York
260 _bNew City Press
260 _C1995
300 _a380p.
300 _b 22cm.
942 0 0 _01
999 _c7932
_d7932